01152nas a2200277 4500001001000000003000900010005001700019007000300036008003400039040005400073041000900127072000800136100001800144100001700162100002100179100002100200245014400221246014300365650001600508650001300524773011100537909004000648942001800688999001900706952014900725BR9201750BR-BrBNA20231205092438.0ta230509b bl.|||p| |||| 00| 00por d aBR-BrBNAbporcBiblioteca Nacional de Agricultura a(Pt) aH101 aMoura, J.I.L.1 aVilela, E.F.1 aSilva, N. dos A.1 aThiebaut, J.T.L.1 aOlfatometro tipo "Y" adaptado para avaliar a orientacao olfativa de lagartas de Thyrinteina arnobia (Stoll, 1782)(Lepidoptera, Geometridae)1 aA "Y" type olfactometer adapted for evaluating the orientation by olfaction of Thyrinteina arnobia (Stoll, 1782)(Lepidoptera, Geometridae) aLEPIDOPTERO aBIOLOGIA0 tAnais da Sociedade Entomologica do Brasil (Brazil)xISSN 0301-8059g(1991), v. 20(2) p. 395-403wBR9201750 a202311bLúciac55dLúcia Elande 2AGRISn0cANA c131761d131761 002AGRIS4071a41918b41918cPeriódicos Agrícolash(1991), v. 20(2) p. 395-403l0r2023-11-29t01yCRePortaria Interministerial nº 164/94